000 00784nam a22002297a 4500
005 20170124110121.0
010 _aA-709073
020 _c00.00
_a812071718
035 _aA-709073
037 _bCen Lib/Ret
040 _aDPL
_bEN
082 _a954.082
_bUND
245 _aUnderstanding the post-colonial world :
_cedited by Neera Chandhoke
_btheory and method /
260 _aNew Delhi
_bSterling Publishers
_c1994
270 _aL-10, Green Park Extension
_bNew Delhi
_e110016
300 _aviii,280p.
_c21cm(Hb)
500 _aIncludes index
650 _aIndia -- Politics and government -- 20th century
_98568
650 _aGreat Britain -- Colonies -- History -- 20th century
_930634
700 _aChandhoke, Neera
_930635
942 _2ddc
_cEN
_h954.082
_mUND
999 _c131036
_d131036